00540nam a2200169Ia 4500003000900000008004100009040001600050080002500066110003300091245008900124260005000213300000800263500001900271650004100290650001800331650002100349IN-BaIIA211028s9999 xx 000 0 eng d cIIA Library a083.7:621.952.2bISI aIndian Standards Institution 0aIndian standard the chart for radial drilling machinescIndian Standards Institution aNew DelhibIndian Standards Institutionc1963 a7p. aIS 2199 : 1962 a Radial Drilling Machines-Standards a Standards  aNASA Thesaurus